Easiest quiz about Turnbacktwo - Statistics

General Stats
  • This quiz has been taken 11 times
  • The average score is 7 of 12
Answer Stats
Question Answer % Correct
Who am I Turnbacktwo
100%
Countries that I've been to Spain
80%
My home country United Kingdom
80%
Number of subscribers when this was made 2
60%
Andalusia
50%
Regions of Spain I have visited Catalonia
50%
Croatia
50%
Turkey
50%
Balearic Islands
40%
Canary Islands
40%
Valencia
40%
Number of quizzes when this was made 73
20%
No matching quizzes found
Score Distribution
Percent of People with Each Score
Percentile by Number Answered
Your Score History
You have not taken this quiz